00496 2200169 4500001002100000005001500021035002000036007000300056008004100059020002200100100002700122245005700149250001100206260004000217300004600257650002300303INLIS00000000000063720221128111653 a0010-1122000231ta221128 a 1 ind  a978-979-613-214-00 aFhidia Salsabila Shafa1 aSatu Hari Mencari Kebaikan /cFhidia Salsabila Shafa aCet. I aJakarta :bCita Putra Bangsa,c2015 a24 halaman :bilustrasi berwarna ;c19 cm 4aBacaan Anak Muslim